000 00753nam a22001817a 4500
003 UA-OsUOA
001 15355
007 ta
008 20031108b un ||||| |||| 00| 0 ukr d
100 _aЦицюра О.
942 _cSA
040 _aUA-OsUOA
_cUA-OsUOA
_dUA-OsUOA
245 _aЄ в Сарнах майстер спорту України: [Перед початком Х спорт. ігор інвалідів Рівненщини Наталії Джеджері вручили посвідчення майстра спорту України з пауерліфтингу]
300 _aС.8
955 _a0
773 0 _w0
_tСарненські новини
_dСарни
_d2003
_g№91/92/ 18 верес./
650 7 _aДжеджеря Н.
_2UDC
999 _c301520
_d301520